|
|
|
|
| LEADER |
00000nam0a2200000 4500 |
| 001 |
206789 |
| 005 |
20231101225348.0 |
| 010 |
|
|
|a 9785793108737
|
| 035 |
|
|
|a (RuTPU)RU\TPU\book\225483
|
| 035 |
|
|
|a RU\TPU\book\204020
|
| 090 |
|
|
|a 206789
|
| 100 |
|
|
|a 20120117d2011 m y0rusy50 ca
|
| 101 |
0 |
|
|a rus
|
| 102 |
|
|
|a RU
|
| 105 |
|
|
|a a j 001zy
|
| 200 |
1 |
|
|a Теоретические основы электротехники
|e курс лекций
|e учебное пособие
|f В. А. Прянишников
|
| 205 |
|
|
|a 7-е изд.
|
| 210 |
|
|
|a СПб.
|c Корона принт
|d 2011
|
| 215 |
|
|
|a 366 с.
|c ил.
|
| 225 |
1 |
|
|a Учебник для высших и средних учебных заведений
|
| 320 |
|
|
|a Литература: с. 366.
|
| 330 |
|
|
|a Курс лекций по теоретическим основам электротехники соответствует программам курсов "ТОЭ" и "Теория электрических цепей" и может быть использован при изучении таких дисциплин, как "Электротехника и основы электроники" и "Электротехника". Курс содержит 33 лекции и включает все основные разделы теории электрических цепей. Лекции содержат тщательно подобранные иллюстрации и таблицы, которые можно использовать как наглядные пособия.
|
| 451 |
|
1 |
|0 (RuTPU)RU\TPU\book\112537
|y 5-7931-0104-7
|t Теоретические основы электротехники
|o курс лекций
|o учебное пособие для высших и средних учебных заведений
|f В. А. Прянишников
|e 4-е изд.
|c СПб.
|n Корона принт
|d 2004
|p 366 с.
|s Учебник для высших и средних учебных заведений
|a Прянишников, Виктор Алексеевич
|
| 606 |
1 |
|
|a Электротехника теоретическая
|2 stltpush
|3 (RuTPU)RU\TPU\subj\20909
|9 45970
|
| 610 |
1 |
|
|a ТОЭ
|
| 610 |
1 |
|
|a теоретические основы электротехники
|
| 610 |
1 |
|
|a физические основы
|
| 610 |
1 |
|
|a электрические воздействия
|
| 610 |
1 |
|
|a электрические цепи
|
| 610 |
1 |
|
|a расчет
|
| 610 |
1 |
|
|a трехфазные цепи
|
| 610 |
1 |
|
|a электрические фильтры
|
| 610 |
1 |
|
|a цепи с распределенными параметрами
|
| 610 |
1 |
|
|a нелинейные электрические цепи
|
| 610 |
1 |
|
|a лекции
|
| 610 |
1 |
|
|a учебные пособия
|
| 675 |
|
|
|a 621.3.01 (075.8)
|v 3
|
| 700 |
|
1 |
|a Прянишников
|b В. А.
|g Виктор Алексеевич
|
| 801 |
|
1 |
|a RU
|b 63413507
|c 20070827
|g PSBO
|
| 801 |
|
2 |
|a RU
|b 63413507
|c 20130204
|g PSBO
|
| 900 |
|
|
|a Теоретические основы электротехники
|
| 942 |
|
|
|c BK
|